1312 1954 1209 1171 1048 1829 1118 1119 1937 1508 1379 1688 1448 1353 1025 1401 1850 1626 1073 1933 1352 1908 1789 1875 1982 1991 1444 1741 1843 1814 1706 1206 1569 1615 1629 1764 1308 1452 1700 1822 1709 1041 1489 1046 1876 1200 1074 1136 1237 1286 1298 1847 1723 1703 1627 1103 1335 1489 1926 1156 1395 1382 1764 1113 1269 1867 1451 1174 1013 1596 1400 1976 1843 1560 2000 1569 1074 1865 1470 1839 1379 1307 1419 1002 1357 1072 1297 1493 1513 1908 1771 1908 1428 1683 1752 1637 1226 1961 1424 BCNSPRNW ULIB Ver.6.0+V

เปลี่ยนเป็นภาษาไทย

Change to English
 แสดงรายละเอียดบรรณานุกรม
  กลับหน้าหลัก

Brief Record : Get Marc (ISO 2709) : E-mail record : QR code < ปิดหน้าต่าง
LEADER : 00000nam 2200000uu 4500
001    13399123666
003     ULIB
008    141104s2555||||th 000 0 tha d
020    ^a9743293949
020    ^a9789743293948
060 04 ^aQY25^bส271ก
100 0  ^aชวนพิศ วงศ์สามัญ
245 10 ^aการตรวจทางห้องปฏิบัติการและการพยาบาล /^cชวนพิศ วงศ์สามัญ,กล้าเผชิญ โชคบำรุง
250    ^aพิมพ์ครั้งที่ 18
260    ^aขอนแก่น :^bภาควิชาพื้นฐานการพยาบาล คณะพยาบาลศาสตร์มหาวิทยาลัยขอนแก่น,^c2555
300    ^aก-ช, 281 หน้า ;^c21 ซม.
536    ^aได้รับการสนับสนุนจากกองทุนส่งเสริมการจัดพิมพ์ตำรามหาวิทยาลัยขอนแก่น
650  7 ^aการส่งตัวอย่าง
650  7 ^aการวินิจฉัยโรคทางห้องปฏิบัติการ
650  0 การพยาบาล
700 0  ^aกล้าเผชิญ โชคบำรุง
710 2  ^aมหาวิทยาลัยขอนแก่น. ^bคณะพยาบาลศาสตร์.^bภาควิชาพื้นฐานการพยาบาล
945    ^p150^l0^i036642
945    ^p150^l0^i036643
945    ^p150^l0^i036644
945    ^p150^l0^i036645
945    ^p150^l0^i036646
945    ^p150^l0^i036647
945    ^p150^l0^i036648
945    ^p150^l0^i036649
945    ^p150^l0^i036650
945    ^p150^l0^i036651
945    ^p150^l0^i036652
945    ^p150^l0^i036653
945    ^p150^l0^i036654
945    ^p150^l0^i036655
945    ^p150^l0^i036656
999    ^aเกษร โพธิ์สุวรรณ
รายการนี้ยังไม่มีแท็ก
คุณยังไม่ได้ล็อกอิน คุณสามารถมีกิจกรรมร่วมกับเว็บไซต์ได้ แต่ต้องล็อกอินก่อน ::
  ล็อกอิน

รายการสื่อสารสนเทศ

ลำดับที่ ประเภท เลขเรียก/บาร์โค้ด สถานที่ สถานะ
1. วิทยาศาสตร์การแพทย์ และสุขภาพ
หนังสือสำรอง
สถานะ=หนังสือสำรอง
QY25 ส271ก ฉ.1 
  Barcode: 036642
ห้องสมุดวิทยาเขตสวรรค์ประชารักษ์
►ส่วนจัดเก็บหนังสือเก่า สปร
บนชั้น
  ขอยืม
2. วิทยาศาสตร์การแพทย์ และสุขภาพ
วิทยาศาสตร์การแพทย์ และสุขภาพ
QY25 ส271ก ฉ.10 
  Barcode: 036651
ห้องสมุดวิทยาเขตสวรรค์ประชารักษ์
►ส่วนจัดเก็บหนังสือเก่า สปร
บนชั้น
  ขอยืม
3. วิทยาศาสตร์การแพทย์ และสุขภาพ
วิทยาศาสตร์การแพทย์ และสุขภาพ
QY25 ส271ก ฉ.11 
  Barcode: 036652
ห้องสมุดวิทยาเขตสวรรค์ประชารักษ์
►ส่วนจัดเก็บหนังสือเก่า สปร
บนชั้น
  ขอยืม
4. วิทยาศาสตร์การแพทย์ และสุขภาพ
วิทยาศาสตร์การแพทย์ และสุขภาพ
QY25 ส271ก ฉ.12 
  Barcode: 036653
ห้องสมุดวิทยาเขตสวรรค์ประชารักษ์
►ส่วนจัดเก็บหนังสือเก่า สปร
บนชั้น
  ขอยืม
5. วิทยาศาสตร์การแพทย์ และสุขภาพ
วิทยาศาสตร์การแพทย์ และสุขภาพ
QY25 ส271ก ฉ.13 
  Barcode: 036654
ห้องสมุดวิทยาเขตสวรรค์ประชารักษ์
►หนังสือทั่วไป
บนชั้น
6. วิทยาศาสตร์การแพทย์ และสุขภาพ
วิทยาศาสตร์การแพทย์ และสุขภาพ
QY25 ส271ก ฉ.14 
  Barcode: 036655
ห้องสมุดวิทยาเขตสวรรค์ประชารักษ์
►ส่วนจัดเก็บหนังสือเก่า สปร
บนชั้น
  ขอยืม
7. วิทยาศาสตร์การแพทย์ และสุขภาพ
วิทยาศาสตร์การแพทย์ และสุขภาพ
QY25 ส271ก ฉ.15 
  Barcode: 036656
ห้องสมุดวิทยาเขตสวรรค์ประชารักษ์
►ส่วนจัดเก็บหนังสือเก่า สปร
บนชั้น
  ขอยืม
8. วิทยาศาสตร์การแพทย์ และสุขภาพ
วิทยาศาสตร์การแพทย์ และสุขภาพ
QY25 ส271ก ฉ.2 
  Barcode: 036643
ห้องสมุดวิทยาเขตสวรรค์ประชารักษ์
►ส่วนจัดเก็บหนังสือเก่า สปร
บนชั้น
  ขอยืม
9. วิทยาศาสตร์การแพทย์ และสุขภาพ
วิทยาศาสตร์การแพทย์ และสุขภาพ
QY25 ส271ก ฉ.3 
  Barcode: 036644
ห้องสมุดวิทยาเขตสวรรค์ประชารักษ์
►ส่วนจัดเก็บหนังสือเก่า สปร
บนชั้น
  ขอยืม
10. วิทยาศาสตร์การแพทย์ และสุขภาพ
วิทยาศาสตร์การแพทย์ และสุขภาพ
QY25 ส271ก ฉ.4 
  Barcode: 036645
ห้องสมุดวิทยาเขตสวรรค์ประชารักษ์
►ส่วนจัดเก็บหนังสือเก่า สปร
บนชั้น
  ขอยืม
11. วิทยาศาสตร์การแพทย์ และสุขภาพ
วิทยาศาสตร์การแพทย์ และสุขภาพ
QY25 ส271ก ฉ.5 
  Barcode: 036646
ห้องสมุดวิทยาเขตสวรรค์ประชารักษ์
►ส่วนจัดเก็บหนังสือเก่า สปร
บนชั้น
  ขอยืม
12. วิทยาศาสตร์การแพทย์ และสุขภาพ
วิทยาศาสตร์การแพทย์ และสุขภาพ
QY25 ส271ก ฉ.6 
  Barcode: 036647
ห้องสมุดวิทยาเขตสวรรค์ประชารักษ์
►ส่วนจัดเก็บหนังสือเก่า สปร
บนชั้น
  ขอยืม
13. วิทยาศาสตร์การแพทย์ และสุขภาพ
วิทยาศาสตร์การแพทย์ และสุขภาพ
QY25 ส271ก ฉ.7 
  Barcode: 036648
ห้องสมุดวิทยาเขตสวรรค์ประชารักษ์
►ส่วนจัดเก็บหนังสือเก่า สปร
บนชั้น
  ขอยืม
14. วิทยาศาสตร์การแพทย์ และสุขภาพ
วิทยาศาสตร์การแพทย์ และสุขภาพ
QY25 ส271ก ฉ.8 
  Barcode: 036649
ห้องสมุดวิทยาเขตสวรรค์ประชารักษ์
►ส่วนจัดเก็บหนังสือเก่า สปร
บนชั้น
  ขอยืม
15. วิทยาศาสตร์การแพทย์ และสุขภาพ
วิทยาศาสตร์การแพทย์ และสุขภาพ
QY25 ส271ก ฉ.9 
  Barcode: 036650
ห้องสมุดวิทยาเขตสวรรค์ประชารักษ์
►ส่วนจัดเก็บหนังสือเก่า สปร
บนชั้น
  ขอยืม

รายการใกล้เคียง
    ผู้แต่ง [ชวนพิศ วงศ์สามัญ]

    หัวเรื่อง [การส่งตัวอย่าง]
    หัวเรื่อง [การวินิจฉัยโรคทางห้องปฏิบัติการ]
    หัวเรื่อง [การพยาบาล]

BibComment


ยังไม่เคยถูกคอมเมนท์

คอมเมนท์ทรัพยากรรายการนี้
  คอมเมนท์: การตรวจทางห้องปฏ..


 Copyright 2026. Bcnsprnw @Library